<?xml version="1.0" encoding="UTF-8"?>
<record
    xmlns:xsi="http://www.w3.org/2001/XMLSchema-instance"
    xsi:schemaLocation="http://www.loc.gov/MARC21/slim http://www.loc.gov/standards/marcxml/schema/MARC21slim.xsd"
    xmlns="http://www.loc.gov/MARC21/slim">

  <leader>02456cam a2200397 i 4500</leader>
  <datafield tag="999" ind1=" " ind2=" ">
    <subfield code="c">17374</subfield>
    <subfield code="d">17374</subfield>
  </datafield>
  <controlfield tag="001">18287419</controlfield>
  <controlfield tag="005">20190213020035.0</controlfield>
  <controlfield tag="008">140902s2014    sa            000 f eng d</controlfield>
  <datafield tag="010" ind1=" " ind2=" ">
    <subfield code="a">  2014416018</subfield>
  </datafield>
  <datafield tag="020" ind1=" " ind2=" ">
    <subfield code="a">9781431410163</subfield>
  </datafield>
  <datafield tag="035" ind1=" " ind2=" ">
    <subfield code="a">(OCoLC)ocn880552943</subfield>
  </datafield>
  <datafield tag="040" ind1=" " ind2=" ">
    <subfield code="a">OI@</subfield>
    <subfield code="b">eng</subfield>
    <subfield code="e">rda</subfield>
    <subfield code="c">OI@</subfield>
    <subfield code="d">OI@</subfield>
    <subfield code="d">OCLCO</subfield>
    <subfield code="d">BDX</subfield>
    <subfield code="d">BTCTA</subfield>
    <subfield code="d">STF</subfield>
    <subfield code="d">DLC</subfield>
  </datafield>
  <datafield tag="042" ind1=" " ind2=" ">
    <subfield code="a">lccopycat</subfield>
  </datafield>
  <datafield tag="043" ind1=" " ind2=" ">
    <subfield code="a">e-it---</subfield>
  </datafield>
  <datafield tag="050" ind1="0" ind2="0">
    <subfield code="a">PR9369.4</subfield>
    <subfield code="b">.B87S76 2014</subfield>
  </datafield>
  <datafield tag="100" ind1="1" ind2=" ">
    <subfield code="a">Busetto, Penny.</subfield>
  </datafield>
  <datafield tag="245" ind1="1" ind2="4">
    <subfield code="a">The story of Anna P., as told by herself  /</subfield>
    <subfield code="c">by Penny Busetto.</subfield>
  </datafield>
  <datafield tag="260" ind1=" " ind2=" ">
    <subfield code="a">Auckland Park :</subfield>
    <subfield code="b">Jacada Media (Pty) Ltd,</subfield>
    <subfield code="c">c2014</subfield>
  </datafield>
  <datafield tag="300" ind1=" " ind2=" ">
    <subfield code="a">xii, 155 pages ;</subfield>
    <subfield code="c">24 cm</subfield>
  </datafield>
  <datafield tag="500" ind1=" " ind2=" ">
    <subfield code="a">"Winner of the European Union Literary Award." -- Cover.</subfield>
  </datafield>
  <datafield tag="500" ind1=" " ind2=" ">
    <subfield code="a">Original title: M.A. thesis in Creative Writing, University of Cape Town, 2011.</subfield>
  </datafield>
  <datafield tag="520" ind1=" " ind2=" ">
    <subfield code="a">"This is a book about the fragility of memory and identity, and the nature of time. It has three parts reflecting the past, present and future of a woman, Anna P, who lives on an island off the coast of Italy but can no longer remember how she got there. She comes from South Africa but has almost no memories of the place or people there, and no attachment to them. The only person she has any relationship with is a sex worker whom she pays by the hour. Her life is meaningless. She has abusive encounters with unknown men, clearly repetitions of traumatic events in the past, during which she dissociates. It is not clear whether she occasionally kills these men or not. It is only when she begins to connect emotionally with a slightly retarded child, and her self begins to coagulate around a tiny centre core of meaning, that she finds some value in herself, some place which she will not allow to be abused. Through connection with another person, she comes into an ethical relationship with the world." -- Description from thesis.</subfield>
  </datafield>
  <datafield tag="650" ind1=" " ind2="0">
    <subfield code="a">Psychic trauma</subfield>
    <subfield code="v">Fiction.</subfield>
  </datafield>
  <datafield tag="650" ind1=" " ind2="0">
    <subfield code="a">Identity (Psychology)</subfield>
    <subfield code="v">Fiction.</subfield>
  </datafield>
  <datafield tag="650" ind1=" " ind2="0">
    <subfield code="a">Sex crimes</subfield>
    <subfield code="v">Fiction.</subfield>
  </datafield>
  <datafield tag="650" ind1=" " ind2="0">
    <subfield code="a">Amnesia</subfield>
    <subfield code="v">Fiction.</subfield>
  </datafield>
  <datafield tag="650" ind1=" " ind2="0">
    <subfield code="a">South Africans</subfield>
    <subfield code="z">Italy</subfield>
    <subfield code="v">Fiction.</subfield>
  </datafield>
  <datafield tag="650" ind1=" " ind2="0">
    <subfield code="a">Teachers</subfield>
    <subfield code="z">Italy</subfield>
    <subfield code="v">Fiction.</subfield>
  </datafield>
  <datafield tag="942" ind1=" " ind2=" ">
    <subfield code="2">lcc</subfield>
    <subfield code="c">BOOKS</subfield>
    <subfield code="h">PR9369.4 .B87S76 2014</subfield>
    <subfield code="0">130</subfield>
  </datafield>
  <datafield tag="952" ind1=" " ind2=" ">
    <subfield code="0">0</subfield>
    <subfield code="1">0</subfield>
    <subfield code="2">lcc</subfield>
    <subfield code="4">0</subfield>
    <subfield code="7">0</subfield>
    <subfield code="a">MUC</subfield>
    <subfield code="b">MUC</subfield>
    <subfield code="c">AFR</subfield>
    <subfield code="d">2016-11-23</subfield>
    <subfield code="e">Donation (Daystar University)</subfield>
    <subfield code="l">17</subfield>
    <subfield code="o">PR 9369.4  .B87S76 2014</subfield>
    <subfield code="p">22580</subfield>
    <subfield code="r">2026-02-19</subfield>
    <subfield code="s">2026-02-19</subfield>
    <subfield code="w">2016-11-23</subfield>
    <subfield code="y">AFRICANA</subfield>
  </datafield>
  <datafield tag="952" ind1=" " ind2=" ">
    <subfield code="0">0</subfield>
    <subfield code="1">0</subfield>
    <subfield code="2">lcc</subfield>
    <subfield code="4">0</subfield>
    <subfield code="7">0</subfield>
    <subfield code="a">MUC</subfield>
    <subfield code="b">MUC</subfield>
    <subfield code="c">AFR</subfield>
    <subfield code="d">2016-11-23</subfield>
    <subfield code="e">Donation(daystar University)</subfield>
    <subfield code="l">35</subfield>
    <subfield code="o">PR9369.4 .B87S76 2014</subfield>
    <subfield code="p">22581</subfield>
    <subfield code="r">2019-10-23</subfield>
    <subfield code="s">2019-10-23</subfield>
    <subfield code="w">2016-11-23</subfield>
    <subfield code="y">SH_L_BOOKS</subfield>
  </datafield>
  <datafield tag="952" ind1=" " ind2=" ">
    <subfield code="0">0</subfield>
    <subfield code="1">0</subfield>
    <subfield code="2">lcc</subfield>
    <subfield code="4">0</subfield>
    <subfield code="7">0</subfield>
    <subfield code="a">MUC</subfield>
    <subfield code="b">MUC</subfield>
    <subfield code="c">AFR</subfield>
    <subfield code="d">2016-11-23</subfield>
    <subfield code="e">Donation(daystar University)</subfield>
    <subfield code="l">43</subfield>
    <subfield code="o">PR9369.4 .B87S76 2014</subfield>
    <subfield code="p">22582</subfield>
    <subfield code="r">2026-03-19</subfield>
    <subfield code="s">2026-03-19</subfield>
    <subfield code="w">2016-11-23</subfield>
    <subfield code="y">SH_L_BOOKS</subfield>
  </datafield>
  <datafield tag="952" ind1=" " ind2=" ">
    <subfield code="0">0</subfield>
    <subfield code="1">0</subfield>
    <subfield code="2">lcc</subfield>
    <subfield code="4">0</subfield>
    <subfield code="7">0</subfield>
    <subfield code="a">MUC</subfield>
    <subfield code="b">MUC</subfield>
    <subfield code="c">AFR</subfield>
    <subfield code="d">2016-11-23</subfield>
    <subfield code="e">Donation(daystar University)</subfield>
    <subfield code="l">43</subfield>
    <subfield code="o">PR9369.4 .B87S76 2014</subfield>
    <subfield code="p">22583</subfield>
    <subfield code="r">2026-03-28</subfield>
    <subfield code="s">2026-03-28</subfield>
    <subfield code="w">2016-11-23</subfield>
    <subfield code="y">SH_L_BOOKS</subfield>
  </datafield>
  <datafield tag="952" ind1=" " ind2=" ">
    <subfield code="0">0</subfield>
    <subfield code="1">0</subfield>
    <subfield code="2">lcc</subfield>
    <subfield code="4">0</subfield>
    <subfield code="7">0</subfield>
    <subfield code="a">MUC</subfield>
    <subfield code="b">MUC</subfield>
    <subfield code="c">AFR</subfield>
    <subfield code="d">2016-11-23</subfield>
    <subfield code="e">Donation(daystar University)</subfield>
    <subfield code="l">16</subfield>
    <subfield code="o">PR9369.4 .B87S76 2014</subfield>
    <subfield code="p">22584</subfield>
    <subfield code="r">2026-02-18</subfield>
    <subfield code="s">2026-02-18</subfield>
    <subfield code="w">2016-11-23</subfield>
    <subfield code="y">AFRICANA</subfield>
  </datafield>
</record>
